Red, White, & Green Flags - Sudden Death - Statistics

General Stats
  • This quiz has been taken 308 times
  • The average score is 6 of 11
Answers on the Grid
Answers color-coded by a green-red scale on the quiz's grid according to % correct below.
Algeria
Azerbaijan
Belarus
Bulgaria
Burundi
Guyana
Hungary
Iran
Iraq
Italy
Jordan
Lebanon
Madagascar
Maldives
Morocco
Myanmar
Oman
Syria
Tajikistan
Turkmenistan
 
Answer Stats
Answer % Correct
Italy
79%
Algeria
68%
Bulgaria
67%
Hungary
67%
Iran
63%
Belarus
50%
Madagascar
44%
Lebanon
43%
Oman
37%
Burundi
35%
Maldives
27%
No matching quizzes found
Score Distribution
Percent of People with Each Score
Percentile by Number Answered
Your Score History
You have not taken this quiz